000 00608nam a22001577a 4500
005 20250924110600.0
100 _aParathodika, A.R.
245 _aStabilized crosslink network structure and performance properties in EPDM: Exploring hybrid crosslinking
260 _bInternational Rubber Conference-Rubber Con 2024: Sustainable Development in Rubber Industry-Challenges and Opportunities, 5-7 December 2024, Indian Rubber Institute, Kochi, India, p. 99.
300 _bAbstract only
650 _aEPDM
650 _aHybrid crosslinking
650 _aCrossover curing
700 _aNaskar, K.
942 _cJS
999 _c75651
_d75651